Capitali più popolose - Europa - Statistics

Statistiche generali
  • Questo quiz è stato fatto 58 volte
  • Il punteggio medio è 9 su 10
Statistiche sulle risposte
Popolazione (ab.) Capitale % Corretto
3 677 472 Berlino
100%
13 104 177 Mosca
100%
2 761 632 Roma
100%
9 002 488 Londra
98%
3 305 408 Madrid
98%
2 139 907 Parigi
98%
1 962 779 Vienna
93%
2 920 873 Kiev
80%
1 863 056 Varsavia
78%
1 996 553 Minsk
61%
Nessun quiz corrispondente trovato
Distribuzione punteggi
Percentuale di utenti per punteggio
Percentile per numero di risposta
I tuoi punteggi nel tempo
Non hai fatto questo quiz